|
|
|
|
| LEADER |
02651nam a2200433 a 4500 |
| 001 |
13376223 |
| 008 |
111213s2003 maua b 001 0 eng |
| 010 |
|
|
|a 2003022889
|
| 020 |
|
|
|a 0674014545 (alk. paper)
|
| 035 |
|
|
|a (DNLM)101194374
|
| 040 |
|
|
|a DNLM/DLC
|c DLC
|d DLC
|d BD-DhAAL
|
| 042 |
|
|
|a pcc
|
| 050 |
0 |
0 |
|a RA441
|b .H864 2003
|
| 082 |
0 |
0 |
|a 362.1
|2 22
|
| 245 |
0 |
0 |
|a Human insecurity in a global world /
|c edited by Lincoln Chen, Sakiko Fukuda-Parr, and Ellen Seidensticker.
|
| 260 |
|
|
|a Cambridge, Mass. :
|b Global Equity Initiative, Asia Center Harvard University :
|b Distributed by Harvard University Press,
|c c2003.
|
| 300 |
|
|
|a xvii, 278 p. :
|b ill. ;
|c 23 cm.
|
| 490 |
0 |
|
|a Studies in global equity
|
| 500 |
|
|
|a "Eight articles in this volume were originally published in the Journal of human development, volume 4, number 2, July 2003."
|
| 504 |
|
|
|a Includes bibliographical references and index.
|
| 505 |
0 |
|
|a New threats to human security in the era of globalization / Sakiko Fukuda-Parr -- Concepts of human security / Sabina Alkire -- Human security and international collaboration: lessons from public goods theory / Fen Osler Hampson and Mark W. Zacher -- Global mobility, inequality, and security / Robert L. Bach -- Trafficking in persons and human security / Michele Anne Clark -- From the environment and human security to sustainable security and development / Sanjeev Khagram, William C. Clark, and Dana Firas Raad -- Human security of working women: response to crisis / Tony Vaux and Francie Lund -- Human insecurity of international financial volatility / Stephany Griffith-Jones and Jenny Kimmis --
|
| 505 |
0 |
|
|a Global health and human security / Lincoln C. Chen and Vasant Narasimhan -- Infectious disease threats to national and global security / David L. Heymann -- Human security, poverty, and conflict: reform of international financial institutions / Nat J.
|
| 541 |
|
|
|e 00024015
|
| 650 |
|
0 |
|a World health.
|
| 650 |
|
0 |
|a Globalization
|x Social aspects.
|
| 650 |
|
0 |
|a Medical policy
|x International cooperation.
|
| 650 |
|
0 |
|a Basic needs.
|
| 650 |
|
0 |
|a Security, International.
|
| 650 |
1 |
2 |
|a World Health.
|
| 650 |
2 |
2 |
|a Health Policy.
|
| 650 |
2 |
2 |
|a International Cooperation.
|
| 650 |
2 |
2 |
|a Safety.
|
| 700 |
1 |
|
|a Chen, Lincoln C.
|
| 700 |
1 |
|
|a Fukuda-Parr, Sakiko,
|d 1950-
|
| 700 |
1 |
|
|a Seidensticker, Ellen.
|
| 730 |
0 |
|
|a Journal of human development.
|
| 852 |
1 |
|
|a James P Grant School of Public Health
|c General Shelf.
|
| 999 |
|
|
|c 11574
|d 11574
|
| 952 |
|
|
|0 0
|1 0
|2 ddc
|4 0
|6 362_100000000000000_HUM
|7 0
|9 18833
|a JPGSPH
|b JPGSPH
|c GEN
|d 2011-12-13
|l 0
|o 362.1 HUM
|p 3060024015
|r 2011-12-13
|t 1
|w 2011-12-13
|y BK
|